Statistics for CSGO Super Quiz

Click here to take the quiz!

General Stats

  • This quiz has been taken 280 times
  • The average score is 35 of 57

Answer Stats

HintAnswer% Correct
Amount of players on each team (Competitive)5
94%
T-team default pistolGlock-18
94%
Competitive player ID colors: Yellow, Purple, Blue, Orange, and ?Green
92%
Amount of players on each team in Wingman mode2
90%
What does the G in CS:GO stand for?Global
89%
What does the O in CS:GO stand for?Offensive
89%
CT-team default pistolP2000
89%
Name of the Orange team in CS:GOTerrorists
89%
Maximum amount of money a player can have in Competitive mode16000
88%
CS:GO was released in this year2012
88%
"One-shot" Sniper RifleAWP
88%
Name of the Blue team in CS:GOCounter-Terrorists
88%
Replaces the Desert EagleR8 Revolver
85%
Shotgun only accessible on T-teamSawed-off
85%
Long-lasting most expensive AWP skinDragon Lore
84%
Amount of seconds to defuse C4 WITHOUT a kit10
83%
Amount of seconds to defuse C4 WITH a kit5
83%
Amount of seconds after planted for C4 to explode (Competitive)40
81%
Cost of a defusal kit400
81%
Knife type staring with BButterfly, Bayonet, Bowie
81%
Maximum amount of money a player can have in Wingman mode8000
79%
T-side Light RifleGalil
77%
Fully automatic pistolCZ-75 Auto
76%
Maximum amount of money a player can have in Casual mode10000
75%
Optional replacement for M4A4M4A1-S
75%
Cost of a NEGEV (In game currency)1700
74%
Most expensive purchasable itemM249
74%
Counts the amount of kills ( Or Competitive MVPs on a music kit )Stattrak
74%
Name of T side firebombMolotov
72%
CT-side scoped rifleAUG
68%
Knife type starting with SSkeleton, Survival, Stiletto, Shadow Daggers, Spectral Shiv
66%
Utility used to extinguish firesSmoke grenade
63%
Name of Taser utilityZeus x27
63%
Shots in one Desert Eagle Clip7
62%
Highest competitive skill groupThe Global Elite
62%
Lowest competitive skill groupSilver I
61%
Total bullets with a USP-S36 (12/24)
60%
Name of CT side firebombIncendiary Grenade
60%
Name a type of commendationFriendly, Teacher, Leader
52%
Name any gun that starts with UUSP-S, UMP-45
50%
Name any gun that starts with FFAMAS, Five-Seven
48%
T-side scoped rifleSG 553
43%
Only map with a casual playlist of just itselfDust II
40%
T-side auto sniperG3SG1
38%
Name a casual bomb-scenario map package (Defusal group ______)Sigma, Delta
37%
Type of animal found roaming across various mapsChicken
33%
The Counter Strike 20th anniversary case featured skins for which type of knife?Classic Knife
31%
Code for planting and defusing bomb7355608
29%
Form of strategic movement involving crouching and jumping (Effectively removed from CSGO)BHop
26%
What game is the song played by de_train radio from?Team Fortress 2
16%
Shattered web CT master agentsLt. Commander Rickshaw, Special Agent Ava
14%
The first counter strike operationOperation Payback
10%
Name of secret language option accessible through console commandsPirate
9%
Console command for "Get out of there, It's gonna blow!"getout
5%
Name of the CT team with secret language activatedBritish Navy
1%
In Danger-Zone and CO-OP Strike modes, players must avoid this, which can be repelled by a repulsor device.Danger Zone Virus
0%
Name of Villain in Op. Danger Zone and final boss of Op. Shattered WebFranz Kreigeld
0%

Score Distribution

Percentile by Number Answered

Percent of People with Each Score

Your Score History

You have not taken this quiz